zpět

Detail výsledku týmu

Archa, Hranice

Datum a čas kvízu

31 Celkem bodů Celkový počet nahraných bodů na tomto kvízu bez doplňovacích otázek.
3. Pořadí na kvízu Konečné umístění týmu na tomto kvízu.

Zaznamenané odpovědi

# Otázka Odpověď Body Výsledky
1. Ministerstvo vnitra připustilo... Denisa Rohanová 0
2. Minulý týden bylo oznámeno obn... Moskvič 1
3. Jistá česká herečka má oficiál... Simona Stašová 1
4. V pondělí, po pěti dnech letu,... Orion 1
5. V jednom z pátečních zápasů pr... Walesu 1
6. V následujících pěti otázkách... bar, torr, atmosféra / pascal 1
7. Odvozená jednotka SI elektrick... farad 1
8. Jaký odpor v ohmech má spotřeb... 20 Ω 1
9. Přiřaďte tyto jednotky k přísl... 1A 2D 3C 4B 1
10. Uzel je jednotka rychlosti pou... B 1